Detalles MARC
| 000 -CABECERA |
| campo de control de longitud fija |
00862nam a2200217 a 4500 |
| 001 - NÚMERO DE CONTROL |
| campo de control |
000039432 |
| 005 - FECHA Y HORA DE LA ÚLTIMA TRANSACCIÓN |
| campo de control |
20250924073803.0 |
| 008 - DATOS DE LONGITUD FIJA--INFORMACIÓN GENERAL |
| campo de control de longitud fija |
130627s1998 dr 000 0 spa d |
| 040 ## - FUENTE DE LA CATALOGACIÓN |
| Centro catalogador/agencia de origen |
DO-SdBNP |
| Lengua de catalogación |
spa |
| Centro/agencia transcriptor |
BNPHU |
| 100 1# - ENTRADA PRINCIPAL--NOMBRE DE PERSONA |
| Nombre de persona |
Linares, Manuel |
| 9 (RLIN) |
53454 |
| 245 10 - MENCIÓN DE TÍTULO |
| Título |
Anatomía de una economía en crisis : |
| Resto del título |
café, cacao, tabaco y azúcar (1961-1997) / |
| Mención de responsabilidad, etc. |
Manuel Linares. |
| 260 ## - PUBLICACIÓN, DISTRIBUCIÓN, ETC. |
| Lugar de publicación, distribución, etc. |
Santo Domingo : |
| Nombre del editor, distribuidor, etc. |
Universidad Autónoma de Santo Domingo, |
| Fecha de publicación, distribución, etc. |
1998. |
| 300 ## - DESCRIPCIÓN FÍSICA |
| Extensión |
192 p. ; |
| Dimensiones |
22 cm. |
| 490 1# - MENCIÓN DE SERIE |
| Mención de serie |
Publicaciones de la Universidad Autónoma de Santo Domingo |
| Designación de volumen o secuencia |
860 |
| 490 1# - MENCIÓN DE SERIE |
| Mención de serie |
Economía y Sociedad |
| Designación de volumen o secuencia |
no. 12 |
| 500 ## - NOTA GENERAL |
| Nota general |
Incluye índice de cuadros |
| 500 ## - NOTA GENERAL |
| Nota general |
Incluye notas al pie de las páginas |
| 504 ## - NOTA DE BIBLIOGRAFÍA, ETC. |
| Nota de bibliografía, etc. |
Bibliografía : p. 183-189 |
| 830 ## - PUNTO DE ACCESO ADICIONAL DE SERIE-TÍTULO UNIFORME |
| Título uniforme |
Publicaciones de la Universidad Autónoma de Santo Domingo |
| Designación de volumen o secuencia |
860 |
| 9 (RLIN) |
52 |
| 830 #0 - PUNTO DE ACCESO ADICIONAL DE SERIE-TÍTULO UNIFORME |
| Título uniforme |
Economía y Sociedad |
| Número de parte o sección de la obra |
12 |
| 9 (RLIN) |
65632 |